| 000 | 00389nam a22001337a 4500 | ||
|---|---|---|---|
| 082 |
_a349.5491 _bANJ |
||
| 100 | _aAnjum, Amir Shahzad | ||
| 245 |
_aThe General Clauses Act, 1897: _b[X of 1897] / _cAmir Shahzad Anjum |
||
| 260 |
_aLahore : _bIrfan Law Book House, _c2024. |
||
| 300 | _a222 p. | ||
| 563 | _aHB. | ||
| 650 |
_aLaw, General Clauses Act, 1897 _9128273 |
||
| 942 |
_2ddc _cBK |
||
| 999 |
_c613296 _d613296 |
||